• 首页
  • 本馆介绍
  • 公告通知
  • 最新文献
  • 馆藏检索
  • 电子资源
  • 读者导购
  • 参考咨询
  • 我的图书馆
  • 登录
  • 详细信息显示
  • 放入我的书架
  • 预约/预借图书
  • 作者相关作品
  • 分类相关作品
  • 丛书相关作品
  • 出版社相关作品

书目信息

  • 表格格式
  • 工作单格式
  • 卡片格式
题名:
工程流体力学
    
 
作者: 王保国 编著
分册: 下册  
出版信息: 北京   科学出版社  2011.07
页数: 211页
开本: 26cm
丛书名:
单 册:
中图分类: TB126
科图分类:
主题词: 工程力学--流体力学--高等教育--教材 , 工程力学 , 流体力学
电子资源:
ISBN: 978-7-03-032171-8
000 00953nam0 2200277 450
001 010020002619
005 20130427084746.57
010    @a978-7-03-032171-8@dCNY26.00
100    @a20110929d2011 em y0chiy50 ea
101 0  @achi
102    @aCN@b110000
105    @aa z 000yy
106    @ar
200 1  @a工程流体力学@9gong cheng liu ti li xue@h下册@f王保国[等]编著
210    @a北京@c科学出版社@d2011.07
215    @a211页@c图@d26cm
300    @a普通高等教育机械类国家级特色专业系列规划教材
304    @a编著还有:蒋洪德,马晖扬,司鹄
330    @a本书为《工程流体力学》下半部分内容,内容分为流体力学的工程应用和计算流体力学基础两大部分,包括:内流流动的计算与分析、气体射流与扩散、多相流体力学基础等。
606 0  @a工程力学@x流体力学@x高等教育@j教材
606 0  @a工程力学
606 0  @a流体力学
690    @aTB126@v4
701  0 @a王保国@9wang bao guo@4编著
801  0 @aCN@bRENTIAN@c20110929
905    @b542431-34@dTB126@e149:2@f4
    
    工程流体力学.下册/王保国[等]编著.-北京:科学出版社,2011.07
    211页:图;26cm
    普通高等教育机械类国家级特色专业系列规划教材
    
    ISBN 978-7-03-032171-8:CNY26.00
    本书为《工程流体力学》下半部分内容,内容分为流体力学的工程应用和计算流体力学基础两大部分,包括:内流流动的计算与分析、气体射流与扩散、多相流体力学基础等。
●
相关链接 在E读中查询图书 在五车中查询图书 在当当中查询图书 在豆瓣中查询图书


正题名:工程流体力学     索取号:TB126/149:2         预约/预借

序号 登录号 条形码 馆藏地/架位号 状态 备注
1 542431   205424316   第二样本阅览室/ [索取号:TB126/149:2] 在馆    
2 542432   205424325   第三借阅区/ [索取号:TB126/149:2] 在馆    
3 542433   205424334   第三借阅区/ [索取号:TB126/149:2] 在馆    
4 542434   205424343   第三借阅区/ [索取号:TB126/149:2] 在馆    
唐山师范学院图书馆 欢迎您!
大连网信软件有限公司© 版权所有